Technologické systémy na spracovanie materiálov lasermi = Technological systems for laser material processing : Bakalárska práca

Enregistré dans:
Détails bibliographiques
Auteur principal: Vendlek, Marek, 1982- (Auteur)
Autres auteurs: Görögová, Ingrid, 1975- (xxx)
Format: Manuscrit Livre
Langue:slovaque
Publié: Trnava : STU v Bratislave MTF UVTE KOM, 2008
Sujets:
Tags: Ajouter un tag
Pas de tags, Soyez le premier à ajouter un tag!

MARC

LEADER 00000ntm a22000003a 4500
001 stu171458
005 20160719155905.5
008 081006s2008----xo------------------slo-d
040 |a STU  |b slo 
041 0 |a slo 
044 |a xo 
100 1 |a Vendlek, Marek,  |d 1982-  |4 aut  |X 33544  |7 A000033544 
245 1 |a Technologické systémy na spracovanie materiálov lasermi = Technological systems for laser material processing :  |b Bakalárska práca 
260 |a Trnava :  |b STU v Bratislave MTF UVTE KOM,  |c 2008 
300 |a 73 s  |c 1 CD-ROM 
500 |a Odbor: technológie strojárskej výroby 
650 7 |a laserové lúče  |2 stusub 
700 1 |a Görögová, Ingrid,  |d 1975-  |4 xxx  |u M3000  |U MTF Materiálovotechnologická fakulta  |T MTF Ústav výrobných technológií  |X 2900  |U M3000  |Y 83  |7 A000002900 
996 |b 284M068698  |c M*BP-3346  |l MMSKP  |s P  |a 0  |w stu171458_0001